|
|
|
|
| LEADER |
00729nta a2200205 i 4500 |
| 001 |
dokt7601 |
| 005 |
20220926155620.0 |
| 008 |
220926s1979 hu om 0|| hun d |
| 040 |
|
|
|a SZTE Doktori Repozitórium
|b hun
|
| 041 |
|
|
|a hun
|
| 100 |
1 |
|
|a Hanusz Árpád
|
| 245 |
1 |
0 |
|a Szabolcs-Szatmár megye dohánytermesztésének gazdaságföldrajzi vizsgálata
|h [elektronikus dokumentum] /
|c Hanusz Árpád
|
| 260 |
|
|
|c 1979
|
| 502 |
|
|
|a Disszertacio
|
| 650 |
|
4 |
|a földtudományok
|
| 650 |
|
4 |
|a Természettudományok
|
| 650 |
|
4 |
|a Föld- és kapcsolódó környezettudományok
|
| 695 |
|
|
|a Mezőgazdaság
|
| 700 |
1 |
|
|a nincs megadva
|e ths
|
| 856 |
4 |
0 |
|u https://doktori.bibl.u-szeged.hu/id/eprint/7601/1/1979_hanusz_arpad.pdf
|z Dokumentum-elérés
|